Central Library and Information Centre
Sibsagar Girls' College, Sivasagar : Assam

THE OLD MAN AND THE SEA (OF ERNEST HEMINGWAY) (Record no. 25151)

MARC details
000 -LEADER
fixed length control field 00432nam a22001577a 4500
005 - DATE AND TIME OF LATEST TRANSACTION
control field 20220326114752.0
008 - FIXED-LENGTH DATA ELEMENTS--GENERAL INFORMATION
fixed length control field 220326b ||||| |||| 00| 0 eng d
040 ## - CATALOGING SOURCE
Transcribing agency OCLC
082 ## - DEWEY DECIMAL CLASSIFICATION NUMBER
Edition number DDC23
Classification number 808.83
Item number LAL
100 ## - MAIN ENTRY--PERSONAL NAME
Personal name LALL,RAMJI
Relator term AUTHOR
245 ## - TITLE STATEMENT
Title THE OLD MAN AND THE SEA (OF ERNEST HEMINGWAY)
Medium ENGLISH
250 ## - EDITION STATEMENT
Edition statement 13TH
260 ## - PUBLICATION, DISTRIBUTION, ETC.
Place of publication, distribution, etc. KAROL BAGH, NEW DELHI
Name of publisher, distributor, etc. RAMA BROTHERS
Date of publication, distribution, etc. 1995
300 ## - PHYSICAL DESCRIPTION
Extent 179p;
Dimensions 20CM
942 ## - ADDED ENTRY ELEMENTS (KOHA)
Source of classification or shelving scheme Dewey Decimal Classification
Koha item type Books

No items available.



Sibsagar Girl's College © 2020. All rights reserved.
Powered by Koha.
Maintained by Abhijit Borpuzari.